000 00489nam a2200181Ia 4500
005 20250508163418.0
008 008 250505s9999 xx 000 0 eng d
037 _aBooks to be hide in OPAC
040 _aFEDL
_beng
_cFEDL
041 _aeng
_2eng
084 _a824, WRE/O
_qFEDL
100 _aWren P C
_955825
245 0 _aLetters to boys
260 _aBombay, India
_bK. and J. Cooper
_c1954
300 _a116p.
942 _cHB
_h824, WRE/O
999 _c1382953
_d1382953